[Event "Buenos Aires Duchamp Boca op 3rd"]
[Site "Buenos Aires"]
[Date "2013.06.21"]
[Round "2"]
[White "Vazquez, Maximiliano"]
[Black "Pazos, David"]
[Result "1-0"]
[WhiteElo "2170"]
[BlackElo "1974"]
[PlyCount "53"]
[EventDate "2013.06.20"]
[EventType "swiss"]
[EventRounds "9"]
[EventCountry "ARG"]
[SourceTitle "CBM 155 Extra"]
[Source "ChessBase"]
[SourceDate "2013.08.26"]
[SourceVersion "1"]
[SourceVersionDate "2013.08.26"]
[SourceQuality "1"]

1. d4 Nf6 2. Nf3 g6 3. c4 Bg7 4. Nc3 d6 5. e4 0-0 6. h3 e5 7. d5 Nh5 8. Nh2 Qe8 9. Be2 Nf4 10. Bf3 f5 11. g3 Nxh3 12. Bg2 f4 13. Nf3 g5 14. Rxh3 g4 15. Rh4 fxg3 16. fxg3 gxf3 17. Bxf3 Qg6 18. Kf2 Na6 19. Kg2 Bf6 20. Bh5 Qg7 21. Bh6 Qxh6 22. Bf7+ Kg7 23. Rxh6 Kxh6 24. Be6 Nc5 25. Qg4 Bg5 26. Rh1+ Kg6 27. Qh5+ 1-0